Ideológica política humanista cristiana y renovación ideológica

Tallennettuna:
Bibliografiset tiedot
Päätekijä: Urrejola Silva, Carlos E (Tekijä)
Aineistotyyppi: Kirja
Kieli:espanja
Julkaistu: Santiago Instituto Chileno de Estudios Humanísticos 1986
Aiheet:
Tagit: Lisää tagi
Ei tageja, Lisää ensimmäinen tagi!

MARC

LEADER 00000nam a2200000 a 4500
001 UCO1988
003 CL-VaPUC
008 000602e19860000CL |||||||||||||||||spa|d
082 0 4 |a 320.5  |b URR  |2 21 
100 0 |a Urrejola Silva, Carlos E  |e author  |9 444588 
245 1 0 |a Ideológica política humanista cristiana y renovación ideológica 
300 |a 17 p 
942 |c BK 
945 |d 20000602 00:00:00  |a crobeson 
260 |a Santiago  |b Instituto Chileno de Estudios Humanísticos  |c 1986 
650 0 |a Ideologías políticas   |9 255735 
650 0 |a Humanismo cristiano  |9 257489 
650 0 |a Partidos políticos  |9 254999 
583 |a last modification  |c 20000602 00:00:00  |k Rodrigo Vera 
999 |c 288535  |d 288533 
952 |0 0  |1 0  |4 0  |6 320_500000000000000_URR_1986  |7 0  |8 A  |9 336266  |a BIBHIS  |b BIBHIS  |d 2019-11-20  |i 1277065  |o 320.5 URR 1986  |p 1277065  |r 2025-01-20  |w 2019-11-20  |y BK  |k HIS